Clarinda : (Record no. 130662)
[ view plain ]
| 000 -LEADER | |
|---|---|
| fixed length control field | 00801nam a22002537a 4500 |
| 003 - CONTROL NUMBER IDENTIFIER | |
| control field | dpl |
| 005 - DATE AND TIME OF LATEST TRANSACTION | |
| control field | 20190225151444.0 |
| 008 - FIXED-LENGTH DATA ELEMENTS--GENERAL INFORMATION | |
| fixed length control field | 180725b xxu||||| |||| 00| 0 eng d |
| 010 ## - LIBRARY OF CONGRESS CONTROL NUMBER | |
| LC control number | B-159615 |
| 020 ## - INTERNATIONAL STANDARD BOOK NUMBER | |
| Terms of availability | 175.00 |
| International Standard Book Number | 8126019166 |
| 035 ## - SYSTEM CONTROL NUMBER | |
| System control number | B-159615, B-159616, B-159618 |
| 037 ## - SOURCE OF ACQUISITION | |
| Source of stock number/acquisition | Cen Lib/Ret |
| 040 ## - CATALOGING SOURCE | |
| Original cataloging agency | DPL |
| Language of cataloging | EN |
| Transcribing agency | 0 |
| 082 ## - DEWEY DECIMAL CLASSIFICATION NUMBER | |
| Classification number | N |
| Item number | MAD |
| 100 ## - MAIN ENTRY--PERSONAL NAME | |
| Personal name | Madhaviah, A. |
| 9 (RLIN) | 29783 |
| 245 ## - TITLE STATEMENT | |
| Title | Clarinda : |
| Statement of responsibility, etc | by A. Madhaviah; edited with introduction by Lasshmi Holmstrom |
| Remainder of title | a historical novel / |
| 260 ## - PUBLICATION, DISTRIBUTION, ETC. (IMPRINT) | |
| Name of publisher, distributor, etc | Sahitya Akademy |
| Place of publication, distribution, etc | New Delhi |
| Date of publication, distribution, etc | 2006 |
| 270 ## - ADDRESS | |
| City | New Delhi |
| Address | Rabindra bhavan, 35 ferozshah road |
| Postal code | 110001 |
| 300 ## - PHYSICAL DESCRIPTION | |
| Extent | xlvii,321p. |
| Dimensions | 21cm(Hb) |
| 650 ## - SUBJECT ADDED ENTRY--TOPICAL TERM | |
| Topical term or geographic name as entry element | Literature |
| 9 (RLIN) | 6262 |
| 650 ## - SUBJECT ADDED ENTRY--TOPICAL TERM | |
| Topical term or geographic name as entry element | Historical novel |
| 9 (RLIN) | 29784 |
| 700 ## - ADDED ENTRY--PERSONAL NAME | |
| Personal name | Holmstrom, Lakshmi |
| 9 (RLIN) | 104399 |
| 942 ## - ADDED ENTRY ELEMENTS (KOHA) | |
| Source of classification or shelving scheme | Dewey Decimal Classification |
| Koha item type | English Books |
| Classification part | N |
| Call number suffix | MAD |
| Withdrawn status | Lost status | Damaged status | Not for loan | Home library | Current library | Date acquired | Source of acquisition | Cost, normal purchase price | Total Checkouts | Full call number | Barcode | Date last seen | Date checked out | Copy number | Cost, replacement price | Price effective from | Koha item type | Source of classification or shelving scheme | Collection code |
|---|---|---|---|---|---|---|---|---|---|---|---|---|---|---|---|---|---|---|---|
| Central Library | Central Library | 10/07/2015 | Cen Lib/Ret | 175.00 | 1 | N MAD | B-159615 | 06/09/2022 | 24/08/2022 | 1 | 175.00 | 10/07/2015 | English Books | ||||||
| Shahdara Branch | Shahdara Branch | 25/07/2018 | BPPD/PUB | 175.00 | N MAD | B-159616 | 25/07/2018 | 175.00 | 25/07/2018 | English Books | Dewey Decimal Classification | Fiction | |||||||
| Vigyan Vihar | Vigyan Vihar | 25/02/2019 | BPPD/PUB | 175.00 | N MAD | B-159618 | 25/02/2019 | 175.00 | 25/02/2019 | English Books | Dewey Decimal Classification | Non-fiction |
